Elenca la formazione - Quiz n°133 - Statistics

Statistiche generali
  • Questo quiz è stato fatto 35 volte
  • Il punteggio medio è 6 su 11
Statistiche sulle risposte
Ruolo Nazione Calciatore % Corretto
Attaccante Francia / Gabon Pierre-Emerick Aubameyang
97%
Attaccante Germania Marco Reus
90%
Centrocampista Giappone Shinji Kagawa
90%
Portiere Svizzera Roman Bürki
87%
Difensore Portogallo Raphaël Guerreiro
80%
Difensore Grecia Sōkratīs Papastathopoulos
60%
Centrocampista Polonia Łukasz Piszczek
40%
Difensore Spagna Marc Bartra
40%
Centrocampista Francia Ousmane Dembélé
33%
Centrocampista Germania Marcel Schmelzer
10%
Mediano Germania Matthias Ginter
0%
Nessun quiz corrispondente trovato
Distribuzione punteggi
Percentuale di utenti per punteggio
Percentile per numero di risposta
I tuoi punteggi nel tempo
Non hai fatto questo quiz